| Tag |
First Indicator |
Second Indicator |
Subfields |
| LEADER |
00000cam a2200000 4500 |
| 001 |
in00000048787 |
| 005 |
20151007075648.0 |
| 008 |
751211s1932 ilu i 00000 engm |
| 010 |
|
|
|a 44014907
|
| 035 |
|
|
|a (OCoLC)01892082
|
| 035 |
|
|
|9 AAF3607AM
|
| 040 |
|
|
|a DLC
|c TLM
|d TXA
|d UtOrBLW
|
| 049 |
|
|
|a TXAM
|
| 082 |
0 |
|
|a 598.2973
|
| 090 |
|
|
|a Z1009
|b .J65 no. 17
|
| 092 |
|
|
|a 598.2973
|b A916b, 1827 Index
|
| 110 |
2 |
|
|a John Crerar Library.
|
| 245 |
1 |
0 |
|a Alphabetical index to the Birds of America /
|c by John James Audubon, London, 1827-1938, 4 vols., by J. Christian Bay.
|
| 264 |
|
1 |
|a Chicago,
|b [publisher not identified] ;
|c 1932.
|
| 300 |
|
|
|a 31 .
|
| 336 |
|
|
|a text
|b txt
|2 rdacontent
|
| 337 |
|
|
|a unmediated
|b n
|2 rdamedia
|
| 338 |
|
|
|a volume
|b nc
|2 rdacarrier
|
| 490 |
0 |
|
|a Reference list, 17
|
| 500 |
|
|
|a "Copy of the MSS 'Alphabetical index to the Birds of America,' by J. Christain Bay, 1911."
|
| 500 |
|
|
|a Mimeographed on one side of leaf only.
|
| 650 |
|
0 |
|a Birds
|z North America.
|
| 700 |
1 |
|
|a Audubon, John James,
|d 1785-1851.
|
| 700 |
1 |
|
|a Bay, J. Christian.
|
| 740 |
0 |
|
|a Birds of America.
|
| 999 |
|
|
|a MARS
|
| 999 |
f |
f |
|s 12de2cab-2ec5-3e0c-8139-154ca038d121
|i 8001a879-1b85-3352-93de-e6a523274327
|t 0
|
| 952 |
f |
f |
|p ric
|a Texas A&M University
|b Rellis Campus
|c Joint Library Facility
|d Remote Storage
|t 0
|e Z1009 .J65 no. 17
|h Library of Congress classification
|i unmediated -- volume
|m A14801023383
|
| 998 |
f |
f |
|a Z1009 .J65 no. 17
|t 0
|l Remote Storage
|